000 00712cab a2200229 4500
001 ABS59134
008 090401t1998 xxu||||| |||| 00| 0 eng d
035 _a(Sirsi) u88123
041 _aeng
100 _aBrewer, G.
245 _aInterpreting implied terms
260 _c1998
350 _a0
490 _aContract Journal
_v394(6185) 22 July 1998, 18(1)
520 _aDiscusses the case "Scottish Power v Kvaerner Construction (Regions)" which examined implied terms in subcontracts.
650 _aIMPLIED TERMS
650 _aSCOTTISH PWOER V KVAERNER CONSTRUCTION (REGIONS)
650 _aSUBCONTRACTS
690 _aBUILT ENVIRONMENT-BUILDING CONTRACT FORMS
942 _n0
948 _c25/08/1998
999 _c55664
_d55664